La empresa familiar
| Main Author: | |
|---|---|
| Format: | Section = Libro |
| Language: | Undetermined Spanish |
| Published: |
España
Folio
1997
|
| Subjects: |
| LEADER | 00547nam a2200205Ia 4500 | ||
|---|---|---|---|
| 008 | 240829s9999 xx 000 0 und d | ||
| 020 | |a 84-413-0608-7 | ||
| 040 | |a BIBLIOTECA-RUSB/ Ref 658 G172 | ||
| 041 | |a spa | ||
| 082 | |a Ref 658 G172 | ||
| 100 | 1 | |a Gallo, M. A. | |
| 245 | 1 | 0 | |a La empresa familiar |
| 260 | |a España |b Folio |c 1997 | ||
| 300 | |a 100 p. :il. | ||
| 650 | 7 | |a ADMINISTRACION - GESTION DE EMPRESAS | |
| 650 | 7 | |b DESARROLLO DE LA EMPRESA FAMILAIR | |
| 650 | 7 | |c CICLO DE VIDA - EMPRESA | |
| 942 | |c BK |2 ddc | ||
| 991 | |a TEXTO | ||
| 999 | |c 6197 | ||